Test wiedzy o kandydatach na prezydenta RP 2025 - Statystyki

Ogólne statystyki
  • Ten quiz został rozwiązany 13 razy
  • Średni wynik to 8 z 15
Statystyki odpowiedzi
% Poprawnych
Jaki baton kojarzony był z Rafałem Trzaskowksim? Prince Polo
100%
Ile okrętów podwodnych chciał zbudować Artur Bartoszewicz? 6
75%
Jakim środkiem transportu najczęściej poruszał się Sławomir Mentzen? hulajnoga
75%
Na kogo powołał się polski premier w rozmowie z redaktorem Bogdanem Rymanowskiem, w sprawie informacji ujawnionych przez Onet na temat Karola Nawrockiego? Jacek Murański
67%
Gdzie urodził się Marek Woch? Kąkolewnica
67%
Jaką rasą psa Sławomir Mentzen, nazwał Szymona Hołownię? chihuahua
58%
Który kandydat zrobił selfie z Szymonem Hołownią podczas debaty w Super Expressie, nawiązując do wpadki marszałka sejmu podczas pogrzebu papieża Franciszka? Sławomir Mentzen
58%
Jakim zwrotem pożegnał się Maciej Maciak wychodząc ze studia Kanału Zero? Adios żartownisie
50%
Co Joanna Senyszyn przekazała Małgorzacie Trzaskowskiej, żonie kandydata na prezydenta? czerwone korale
50%
Jakim zwrotem przywitalnym posługiwała się Joanna Senyszyn? kochani
50%
Jakim pseudonimem literackim posługiwał się niegdyś Karol Nawrocki? Tadeusz Batyr
50%
Między Krzysztofem Stanowskim, a którą dziennikarką doszło do spięcia w czasie debaty w tvp? Dorota Wysocka-Sznepf
33%
Jak nazywano Adriana Zandberga? Potężny Duńczyk
33%
W czasie debaty w Końskich, Magdalena Biejat wzięła od Rafała Trzaskowskiego pewien przedmiot, wręczony mu przez głównego rywala. Co to było? flaga LGBTQ+
17%
W czasie debaty w Super Expressie doszło do spięcia między Trzaskowskim,a Braunem. O jakie wydarzenie poszło? powstanie w getcie warszawskim
8%
Nie znaleziono quizów pasujących do podanych kryteriów
Rozkład punktacji
Procent ludzi z każdym wynikiem
Percentyl według liczby udzielonych odpowiedzi
Twoja historia wyników
Nie rozwiązałeś tego quizu